Working with groups : (Record no. 33435)
[ view plain ]
| 000 -LEADER | |
|---|---|
| fixed length control field | 00796nam a2200265 a 4500 |
| 001 - CONTROL NUMBER | |
| control field | 33435 |
| 003 - CONTROL NUMBER IDENTIFIER | |
| rucl marc code | BD-RjUL |
| 005 - DATE AND TIME OF LATEST TRANSACTION | |
| control field | 20211209052016.0 |
| 008 - FIXED-LENGTH DATA ELEMENTS--GENERAL INFORMATION | |
| fixed length control field | 140507r19681963enk b f001 0 eng u |
| 020 ## - INTERNATIONAL STANDARD BOOK NUMBER | |
| International Standard Book Number | 0090624637 |
| International Standard Book Number | 0090624645 |
| 035 ## - SYSTEM CONTROL NUMBER | |
| System control number | (BD-RjUL)33526 |
| 040 ## - CATALOGING SOURCE | |
| Original cataloging agency | WSU |
| Modifying agency | BD-RjUL |
| Language of cataloging | eng |
| Transcribing agency | WSU |
| 041 ## - LANGUAGE CODE | |
| Language code of text/sound track or separate title | eng |
| 082 00 - DEWEY DECIMAL CLASSIFICATION NUMBER | |
| Classification number | 301.15 |
| Author mark and year | KLW 1968 |
| 100 1# - MAIN ENTRY--PERSONAL NAME | |
| Personal name | Klein, Josephine, |
| Dates associated with a name | 1926- |
| 9 (RLIN) | 101483 |
| 245 10 - TITLE STATEMENT | |
| Title | Working with groups : |
| Remainder of title | the social psychology of discussion and decision / |
| 250 ## - EDITION STATEMENT | |
| Edition statement | 2nd ed. (rev.) |
| 260 ## - PUBLICATION, DISTRIBUTION, ETC. (IMPRINT) | |
| Place of publication, distribution, etc. | London : |
| Name of publisher, distributor, etc. | Hutchinson University Library, |
| Date of publication, distribution, etc. | c1963 [Reprinted 1968]. |
| 300 ## - PHYSICAL DESCRIPTION | |
| Pagination | 240 p. ; |
| Size | 22 cm. |
| 504 ## - BIBLIOGRAPHY, ETC. NOTE | |
| Bibliography, etc | Includes bibliography and index. |
| 650 #0 - SUBJECT ADDED ENTRY--TOPICAL TERM | |
| Topical term or geographic name as entry element | Social groups |
| 9 (RLIN) | 101484 |
| Topical term or geographic name as entry element | Interpersonal relations |
| 9 (RLIN) | 101485 |
| 942 ## - ADDED ENTRY ELEMENTS (KOHA) | |
| Source of classification or shelving scheme | Dewey Decimal Classification |
| Koha item type | Books |
| Lost status | Source of classification or shelving scheme | Damaged status | Not for loan | Collection code | Permanent Location | Current Location | Shelving location | Date acquired | Source of acquisition | Cost, normal purchase price | Total Checkouts | Full call number | Date last seen | Copy number | Koha item type |
|---|---|---|---|---|---|---|---|---|---|---|---|---|---|---|---|
| Dewey Decimal Classification | Non-fiction | Central Library, University of Rajshahi | Central Library, University of Rajshahi | 21/09/1955 | B. H. Blackwell | 1.15 | 301.15 KLW 1968 | 07/05/2014 | C-2 | Books | |||||
| Dewey Decimal Classification | Non-fiction | Central Library, University of Rajshahi | Central Library, University of Rajshahi | 10/03/1966 | Zeitlinger | 301.15 KLW 1963 | 07/05/2014 | C-3 | Books | ||||||
| Dewey Decimal Classification | Not For Loan | Non-fiction | Central Library, University of Rajshahi | Central Library, University of Rajshahi | Reading Room | 11/02/1970 | Not Found | 0.00 | 301.15 KLW 1968 | 10/05/2014 | C-1 | Books | |||
| Dewey Decimal Classification | Non-fiction | Central Library, University of Rajshahi | Central Library, University of Rajshahi | 11/02/1970 | B. H. Blackwell | 1.10 | 301.15 KLW 1963 | 10/05/2014 | C-4 | Books |